000 01195nam a2200337Ia 4500
003 OSt
005 20220912145203.0
006 a|||||r|||| 00| 0
007 ta
008 220909b |||||||| |||| 00| 0 eng d
020 _a9781846288203 (hbd)
024 _a79685
037 _b2066, 11/12/2007, Pt. Book International
037 _cTextbook
040 _aCSL
_beng
_cCSL
041 _aeng
082 _aB2T0bD:82, P7 TOR
100 _aMarquez Adolfo Crespo
245 0 _aMaintenance mangement framework: Models and methods for complex systems maintenance
260 _aLondon
_bSpringer-Verlag
_c2007
300 _axix, 333p.
_ccm.
490 _aSpringer series in reliability engineering
500 _aIncludes bibliographical references.; Index 329-333p.
650 _a Maintenance-Mathematical models
650 _a Maintenance-Simulatin methods
650 _a Reliability engineeing-Mathematical models
650 _a Reliability engineering-Simulation methods
650 _aOperational Research
942 _hB2T0bD:82, P7 TOR
_cTB
_2CC
999 _c25388
_d25388